书目信息 |
| 题名: |
生物炭节水保肥与固碳减排机理和关键应用技术
|
|
| 作者: | 屈忠义 , 勾芒芒 , 田丹 著 | |
| 分册: | ||
| 出版信息: | 北京 科学出版社 2019 |
|
| 页数: | 233页 | |
| 开本: | 26cm | |
| 丛书名: | ||
| 单 册: | ||
| 中图分类: | S153.6 | |
| 科图分类: | ||
| 主题词: | 活性炭--huo xing tan--应用--土壤成分--节能减排--研究 | |
| 电子资源: | ||
| ISBN: | 978-7-03-060114-8 | |
| 000 | 01454nam0 2200289 450 | |
| 001 | 012001003149 | |
| 005 | 20140101101436.0 | |
| 010 | @a978-7-03-060114-8@dCNY88.00 | |
| 099 | @aCAL 012019062118 | |
| 100 | @a20190513d2019 em y0chiy50 ea | |
| 101 | 0 | @achi |
| 102 | @aCN@b110000 | |
| 105 | @aak a 000yy | |
| 106 | @ar | |
| 200 | 1 | @a生物炭节水保肥与固碳减排机理和关键应用技术@Asheng wu tan jie shui bao fei yu gu tan jian pai ji li he guan jian ying yong ji shu@f屈忠义 ... 等著 |
| 210 | @a北京@c科学出版社@d2019 | |
| 215 | @a233页@c图@d26cm | |
| 304 | @a著者还有:勾芒芒、田丹、王丽萍等 | |
| 320 | @a有书目 | |
| 330 | @a本书基于室内土柱试验、盆栽试验及田间小区试验的研究成果,着重介绍不同类型生物炭对于不同质地土壤水力特征参数和土壤结构的影响;生物炭对经济作物番茄和辣椒生长性状的影响;进行炭-肥藕合条件下土壤水肥热数值模拟并建立番茄-生物炭-水-肥-热藕合模型;滴灌条件下水-炭藕舍对土壤节水保肥和固碳减排综合效应,并估算CI4和NzO的全球增温潜势(GWP)及其排放强度(GHGI)。通过研究生物炭对土攘理化性质、作物生长性状以及农田土壤温室气体(C02、CRt、N20)排放的影响规律,提出生物炭的适宜施用量,以便达到节水、保肥、圄碳减排的目的,为生物质资源再利用技术提供理论支撑。 | |
| 606 | 0 | @a活性炭@Ahuo xing tan@x应用@x土壤成分@x节能减排@x研究 |
| 690 | @aS153.6@v5 | |
| 701 | 0 | @a屈忠义@Aqu zhong yi@4著 |
| 701 | 0 | @a勾芒芒@Agou mang mang@4著 |
| 701 | 0 | @a田丹@Atian dan@4著 |
| 801 | 0 | @aCN@b北京卓展@c20191020 |
| 905 | @b1210563-6@dS153.6@e116@f4 | |
| 生物炭节水保肥与固碳减排机理和关键应用技术/屈忠义 ... 等著.-北京:科学出版社,2019 |
| 233页:图;26cm |
| ISBN 978-7-03-060114-8:CNY88.00 |
| 本书基于室内土柱试验、盆栽试验及田间小区试验的研究成果,着重介绍不同类型生物炭对于不同质地土壤水力特征参数和土壤结构的影响;生物炭对经济作物番茄和辣椒生长性状的影响;进行炭-肥藕合条件下土壤水肥热数值模拟并建立番茄-生物炭-水-肥-热藕合模型;滴灌条件下水-炭藕舍对土壤节水保肥和固碳减排综合效应,并估算CI4和NzO的全球增温潜势(GWP)及其排放强度(GHGI)。通过研究生物炭对土攘理化性质、作物生长性状以及农田土壤温室气体(C02、CRt、N20)排放的影响规律,提出生物炭的适宜施用量,以便达到节水、保肥、圄碳减排的目的,为生物质资源再利用技术提供理论支撑。 |
| ● |
| 相关链接 |
|
|
|
|
正题名:生物炭节水保肥与固碳减排机理和关键应用技术
索取号:S153.6/116
 
预约/预借
| 序号 | 登录号 | 条形码 | 馆藏地/架位号 | 状态 | 备注 |
| 1 | 1210563 | 212105639 | 第二样本阅览室/ [索取号:S153.6/116] | 在馆 | |
| 2 | 1210564 | 212105648 | 第三借阅区/ [索取号:S153.6/116] | 在馆 | |
| 3 | 1210565 | 212105657 | 第三借阅区/ [索取号:S153.6/116] | 在馆 | |
| 4 | 1210566 | 212105666 | 第三借阅区/ [索取号:S153.6/116] | 在馆 |